Forschung und Praxis im Dialog / 1 Arbeits- und Betriebspsychologie, Markt- und Kommunikationspsychologie, politische Psychologie, Schulpsychologie, Verkehrspsychologie
| Medienart: | Druck Buch |
|---|---|
| Sprache: | Deutsch |
| Veröffentlicht: |
Bonn
Dt. Psychologen-Verl.
1988
|
| In: |
Forschung und Praxis im Dialog Entwicklungen und Perspektiven; Bericht über den 14. Kongreß für Angewandte Psychologie, Mainz, Sept. 1987
Jahr: 1988 |
| Online-Zugang: |
Inhaltsverzeichnis |
| Bestand in Tübingen: | In Tübingen vorhanden. IFK: N II 156 |
| Verfügbarkeit prüfen: | HBZ Gateway |
| Subito Bestelldienst: | Jetzt bestellen. |
| Schlagwörter: |
MARC
| LEADER | 00000cam a2200000 cc4500 | ||
|---|---|---|---|
| 001 | 1087177871 | ||
| 003 | DE-627 | ||
| 005 | 20251224220139.0 | ||
| 007 | tu | ||
| 008 | 890214s1988 xx ||||| 00| ||ger c | ||
| 010 | |a 89188945 | ||
| 020 | |a 3925559345 |9 3-925559-34-5 | ||
| 035 | |a (DE-627)1087177871 | ||
| 035 | |a (DE-576)017177871 | ||
| 035 | |a (DE-599)BSZ017177871 | ||
| 035 | |a (OCoLC)311235714 | ||
| 040 | |a DE-627 |b ger |c DE-627 |e rakwb | ||
| 041 | |a ger | ||
| 082 | 0 | |a 158 | |
| 084 | |a CN 3000 |2 rvk |0 (DE-625)rvk/18966: | ||
| 245 | 0 | 0 | |a Forschung und Praxis im Dialog |n 1 |p Arbeits- und Betriebspsychologie, Markt- und Kommunikationspsychologie, politische Psychologie, Schulpsychologie, Verkehrspsychologie |c Günter Romkopf ... (Hrsg.). Veranst.: Berufsverb. Dt. Psychologen |
| 264 | 1 | |a Bonn |b Dt. Psychologen-Verl. |c 1988 | |
| 300 | |a VIII, 356 S. |b graph. Darst. | ||
| 336 | |a Text |b txt |2 rdacontent | ||
| 337 | |a ohne Hilfsmittel zu benutzen |b n |2 rdamedia | ||
| 338 | |a Band |b nc |2 rdacarrier | ||
| 655 | 7 | |a Konferenzschrift |0 (DE-588)1071861417 |0 (DE-627)826484824 |0 (DE-576)433375485 |2 gnd-content | |
| 773 | 1 | 8 | |a Forschung und Praxis im Dialog Entwicklungen und Perspektiven; Bericht über den 14. Kongreß für Angewandte Psychologie, Mainz, Sept. 1987 |w (DE-627)1087013127 |w (DE-576)017013127 |g 1 |q 1 |7 nnam |
| 856 | 4 | 2 | |u https://swbplus.bsz-bw.de/bsz017177871inh.htm |m B:DE-576;DE-352 |q application/pdf |v 20090319104444 |x Verlag |3 Inhaltsverzeichnis |7 1 |
| 936 | r | v | |a CN 3000 |b Kongressberichte |k Psychologie |k Nachschlagewerke |k Kongressberichte |0 (DE-627)1271132427 |0 (DE-625)rvk/18966: |0 (DE-576)201132427 |
| 951 | |a MV | ||
| ELC | |b 1 | ||
| LOK | |0 000 xxxxxcx a22 zn 4500 | ||
| LOK | |0 001 2126656527 | ||
| LOK | |0 003 DE-627 | ||
| LOK | |0 004 1087177871 | ||
| LOK | |0 005 20250219153754 | ||
| LOK | |0 008 930126||||||||||||||||ger||||||| | ||
| LOK | |0 040 |a DE-21-110 |c DE-627 |d DE-21-110 | ||
| LOK | |0 852 |a DE-21-110 | ||
| LOK | |0 852 1 |c N II 156 |m p |9 00 | ||
| LOK | |0 935 |a k110 | ||
| LOK | |0 936ln |a 8.7.5 | ||
| LOK | |0 938 |k p | ||
| LOK | |0 939 |a 26-01-93 |b l01 | ||
| ORI | |a SA-MARC-krimdoka001.raw | ||
| SIG | |a IFK: N II 156 | ||
